000
00354nam a22001337a 4500
003
SGT
020
_a
9789381520185
082
_a
891.4309
_b
K15S
100
_a
सुबीर, पंकज
245
_a
कसाब गाँधी @ यरवदा. in
260
_b
शिवना प्रकाशन
_c
2015
300
_a
176
942
_2
ddc
_c
BK
999
_c
30059
_d
30059